Peter Norton's essential concepts (Record no. 14952)

000 -LEADER
fixed length control field 00504cam a2200193Ia 4500
020 ## - INTERNATIONAL STANDARD BOOK NUMBER
ISBN 0078454506
020 ## - INTERNATIONAL STANDARD BOOK NUMBER
ISBN 0078309638 (pbk.)
040 ## - CATALOGING SOURCE
Transcribing agency SITPL
082 ## - DEWEY DECIMAL CLASSIFICATION NUMBER
Classification number 823 GLE 2003 A072 Or.
100 1# - MAIN ENTRY--AUTHOR NAME
Personal name Norton, Peter,
245 10 - TITLE STATEMENT
Title Peter Norton's essential concepts
250 ## - EDITION STATEMENT
Edition statement 5th ed
260 ## - PUBLICATION, DISTRIBUTION, ETC. (IMPRINT)
Place of publication New York :
Name of publisher Glencoe/McGraw-Hill,
Year of publication c c2003
300 ## - PHYSICAL DESCRIPTION
Number of Pages xx, 276 p. :
Other physical details ill. (some col.) ;
Dimensions 28 cm
500 ## - GENERAL NOTE
General note Includes index
650 #0 - SUBJECT ADDED ENTRY--TOPICAL TERM
Topical Term Computers
650 #0 - SUBJECT ADDED ENTRY--TOPICAL TERM
Topical Term Computer software
942 ## - ADDED ENTRY ELEMENTS (KOHA)
Koha item type សៀវភៅភាសាអង់គ្លេស
952 ## - LOCATION AND ITEM INFORMATION (KOHA)
Withdrawn status [LOCAL, KOHA] 0
Holdings
Permanent Location Date acquired Koha item type Lost status Shelving location Barcode Current Location Full call number
Library Block A2017-11-01សៀវភៅភាសាអង់គ្លេស A072A19322Library Block A823 GLE 2003 A072 Or.
មជ្ឈមណ្ឌលឯការនៃសាកលវិទ្យាល័យភូមិន្ទកសិកម្មចំការដូង

Powered by Koha